[Event "CAN op"]
[Site "Hamilton CAN"]
[Date "2022.07.17"]
[Round "9.8"]
[White "Rusonik, Max"]
[Black "Ortiz Suarez, Isan Reynaldo"]
[Result "1-0"]
[WhiteElo "2312"]
[BlackElo "2526"]
[PlyCount "93"]
[EventDate "2022.07.12"]
[EventType "swiss"]
[EventRounds "9"]
[EventCountry "CAN"]

1. e4 c5 2. Nf3 d6 3. d4 cxd4 4. Nxd4 Nf6 5. Nc3 a6 6. Bg5 Nbd7 7. Qe2 e6 8.
O-O-O Qc7 9. h4 b5 10. a3 Be7 11. g4 Rb8 12. Rh3 O-O 13. Bd2 b4 14. axb4 Rxb4
15. Nb3 Nc5 16. Nxc5 dxc5 17. g5 Nd7 18. Nb1 Rb8 19. Na3 Nb6 20. Ba5 Qc6 21.
Rb3 Nd7 22. Rxb8 Nxb8 23. Bc3 Bb7 24. f3 Qc7 25. Qe3 Nd7 26. Nc4 Bc6 27. f4 Re8
28. h5 Bb5 29. g6 fxg6 30. hxg6 hxg6 31. Ne5 Nxe5 32. Bxe5 Qa5 33. c4 Bc6 34.
Bd3 Rd8 35. Rg1 Be8 36. Qh3 Bd6 37. Rh1 Kf7 38. Rf1 Qc7 39. Qh7 Kf8 40. Qh8+
Ke7 41. Qxg7+ Bf7 42. Bf6+ Ke8 43. Bc2 Bf8 44. Ba4+ Rd7 45. Qh7 Qd6 46. Bxd7+
Qxd7 47. Rd1 1-0

[Event "CAN op"]
[Site "Hamilton CAN"]
[Date "2022.07.17"]
[Round "9.9"]
[White "Liang, Jason"]
[Black "Xu, Daniel"]
[Result "1-0"]
[WhiteElo "2515"]
[BlackElo "2128"]
[PlyCount "139"]
[EventDate "2022.07.12"]
[EventType "swiss"]
[EventRounds "9"]
[EventCountry "CAN"]

1. b3 Nf6 2. Bb2 g6 3. Nf3 Bg7 4. g3 O-O 5. Bg2 d6 6. d4 Nc6 7. O-O a6 8. Re1
Rb8 9. d5 Na5 10. e4 Bg4 11. Nbd2 c5 12. c4 b5 13. Bc3 Nd7 14. Bxg7 Kxg7 15.
Qc2 Bxf3 16. Bxf3 Qc7 17. Reb1 bxc4 18. bxc4 Rxb1+ 19. Rxb1 Rb8 20. Rxb8 Nxb8
21. Qc3+ f6 22. Bg4 Nb7 23. Qb2 Nd8 24. Kg2 Nf7 25. f4 Nd7 26. Qa3 Nb8 27. Nb3
Qb6 28. Qa4 Kf8 29. h4 Nd8 30. Kf2 Nb7 31. Ke3 Qd8 32. Kd3 Qb6 33. Kc3 Qc7 34.
h5 Nd8 35. Kc2 Qb6 36. a3 Nb7 37. Nd2 Na5 38. Nf3 Nb7 39. hxg6 hxg6 40. Nh4 Qd8
41. Nxg6+ Kg7 42. Nh4 Kf8 43. Qb3 Na5 44. Qc3 Nb7 45. Be6 Qa5 46. g4 Qxc3+ 47.
Kxc3 Nd8 48. Bc8 Nf7 49. Nf5 Nh8 50. Nh4 Nf7 51. Kd3 Ke8 52. Ke3 Kd8 53. Be6
Ke8 54. Nf3 Nd7 55. Bxd7+ Kxd7 56. g5 fxg5 57. fxg5 e5 58. g6 Nh6 59. Nh4 Ke7
60. Nf5+ Nxf5+ 61. exf5 Kf6 62. Kf3 Kg7 63. Kg3 Kh6 64. Kg4 a5 65. a4 Kg7 66.
Kg5 Kg8 67. f6 Kf8 68. Kh6 e4 69. g7+ Kg8 70. Kg6 1-0

[Event "CAN op"]
[Site "Hamilton CAN"]
[Date "2022.07.17"]
[Round "9.10"]
[White "Fedorowicz, John"]
[Black "Chen, Max"]
[Result "1-0"]
[WhiteElo "2495"]
[BlackElo "2299"]
[PlyCount "95"]
[EventDate "2022.07.12"]
[EventType "swiss"]
[EventRounds "9"]
[EventCountry "CAN"]

1. d4 Nf6 2. c4 g6 3. Nf3 Bg7 4. g3 O-O 5. Bg2 d5 6. cxd5 Nxd5 7. O-O Nb6 8.
Nc3 Nc6 9. e3 a5 10. Nh4 a4 11. Qe2 e6 12. Rd1 Bd7 13. Nf3 Qe7 14. Bd2 Na5 15.
Be1 c5 16. Ne5 cxd4 17. exd4 Rac8 18. d5 Nac4 19. Nxd7 Qxd7 20. Bh3 Qe7 21.
dxe6 f5 22. b3 Nd6 23. Qe3 Rc6 24. Rac1 axb3 25. axb3 Ndc8 26. Bg2 Rxe6 27. Qf3
Nd6 28. Nd5 Nxd5 29. Qxd5 Kh8 30. Bb4 Rd8 31. Bf3 Qf6 32. Kg2 h6 33. Rc7 Qe5
34. Rxg7 Kxg7 35. Qxe5+ Rxe5 36. Bxd6 Ree8 37. Be5+ Kf7 38. Rxd8 Rxd8 39. Bxb7
Ke6 40. Bg7 h5 41. h4 f4 42. gxf4 Rb8 43. Be4 Rb4 44. f3 Rxb3 45. Bxg6 Rb4 46.
f5+ Kd7 47. f6 Rb2+ 48. Kg3 1-0

[Event "CAN op"]
[Site "Hamilton CAN"]
[Date "2022.07.17"]
[Round "9.12"]
[White "Bailey, Doug"]
[Black "Ouellet, Maili-Jade"]
[Result "1-0"]
[WhiteElo "2165"]
[BlackElo "2361"]
[PlyCount "83"]
[EventDate "2022.07.12"]
[EventType "swiss"]
[EventRounds "9"]
[EventCountry "CAN"]

1. e4 c5 2. Nf3 d6 3. d4 cxd4 4. Nxd4 Nf6 5. Nc3 a6 6. Bg5 Nbd7 7. Bc4 Qb6 8.
O-O Qxb2 9. Qd2 Qb4 10. Bd5 Qa5 11. Rab1 Qc7 12. Rfe1 Nc5 13. f4 e6 14. Bb3 h6
15. Bxf6 gxf6 16. f5 Bd7 17. Qe3 O-O-O 18. Qh3 Kb8 19. Kh1 h5 20. Qh4 Bh6 21.
Nf3 Rdg8 22. Re2 Qa5 23. fxe6 fxe6 24. Nd5 exd5 25. Bxd5 Rf8 26. Nd4 Qc7 27. c4
Bg5 28. Qg3 h4 29. Qa3 Bf4 30. Bxb7 Ka7 31. Bxa6 Nxa6 32. Nb5+ Bxb5 33. cxb5
Qb7 34. Reb2 Rh7 35. bxa6 Qxa6 36. Qf3 Bg5 37. Rb3 Rc8 38. Ra3 Rc6 39. Rxa6+
Rxa6 40. Qb3 Rc6 41. Qb8+ Ka6 42. Qa8+ 1-0

[Event "CAN op"]
[Site "Hamilton CAN"]
[Date "2022.07.17"]
[Round "9.13"]
[White "Rek, Slava"]
[Black "Rosenberg, Evan"]
[Result "1-0"]
[WhiteElo "2331"]
[BlackElo "2205"]
[PlyCount "59"]
[EventDate "2022.07.12"]
[EventType "swiss"]
[EventRounds "9"]
[EventCountry "CAN"]

1. d4 Nf6 2. Nf3 e6 3. c4 b6 4. g3 Ba6 5. Nbd2 Bb4 6. Qc2 O-O 7. Bg2 d5 8. O-O
c6 9. b3 Nbd7 10. Bb2 Rc8 11. Rfd1 c5 12. e4 Bxd2 13. Nxd2 cxd4 14. exd5 exd5
15. Bxd4 dxc4 16. Ne4 cxb3 17. Qb2 Nxe4 18. Bxe4 Qe7 19. Re1 Qg5 20. axb3 Bb5
21. h4 Qg4 22. Qb1 f5 23. Bd5+ Kh8 24. Qb2 Bd3 25. Re7 Nf6 26. Bxf6 gxf6 27.
Qd2 Be4 28. Bxe4 fxe4 29. Raxa7 Qg6 30. Qd7 1-0

[Event "CAN op"]
[Site "Hamilton CAN"]
[Date "2022.07.17"]
[Round "9.14"]
[White "Doknjas, Neil"]
[Black "Malakhovets, Sergey"]
[Result "1-0"]
[WhiteElo "2262"]
[BlackElo "2204"]
[PlyCount "89"]
[EventDate "2022.07.12"]
[EventType "swiss"]
[EventRounds "9"]
[EventCountry "CAN"]

1. e4 c6 2. d4 d5 3. e5 c5 4. Nf3 cxd4 5. Nxd4 Nc6 6. c4 e6 7. Nc3 Bb4 8. Nxc6
bxc6 9. Bd3 Ne7 10. cxd5 Qxd5 11. O-O Qxe5 12. Re1 Qc7 13. Qg4 Bd6 14. Qxg7
Bxh2+ 15. Kf1 Rg8 16. Qd4 f5 17. Bc4 Qb6 18. Qxb6 axb6 19. g3 Kf7 20. Kg2 b5
21. Bb3 Bxg3 22. fxg3 h5 23. Kf2 Ng6 24. Bg5 Ne5 25. Rxe5 Rxg5 26. Rae1 b4 27.
Ne4 Rg4 28. Nd6+ Kg7 29. Nxc8 Rxc8 30. Rxe6 Rg6 31. Re7+ Kh6 32. Bf7 Rd6 33.
R1e6+ Rxe6 34. Rxe6+ Kg7 35. Bxh5 c5 36. Bg6 Ra8 37. Bxf5 Rxa2 38. Re2 Kf6 39.
Be6 Ra6 40. Bc4 Rd6 41. b3 Rc6 42. Kf3 Rb6 43. g4 Rd6 44. Kf4 Rd4+ 45. Re4 1-0

[Event "CAN op"]
[Site "Hamilton CAN"]
[Date "2022.07.17"]
[Round "9.15"]
[White "Yang, Jingyun (Ryan)"]
[Black "Huang, Youhe"]
[Result "0-1"]
[WhiteElo "2141"]
[BlackElo "2237"]
[PlyCount "66"]
[EventDate "2022.07.12"]
[EventType "swiss"]
[EventRounds "9"]
[EventCountry "CAN"]

1. g3 e5 2. Bg2 d5 3. d4 exd4 4. Qxd4 Nf6 5. Nf3 Nc6 6. Qd1 Bf5 7. c3 Qd7 8.
Bg5 Ne4 9. Be3 O-O-O 10. Nbd2 Be7 11. O-O h5 12. Nd4 Nxd4 13. Bxd4 h4 14. Nxe4
Bxe4 15. f3 Bf5 16. e4 Bh3 17. g4 Bxg2 18. Kxg2 dxe4 19. fxe4 h3+ 20. Kh1 Rh4
21. Qe2 Rxg4 22. Rxf7 Re8 23. Raf1 Rh4 24. Rxg7 Qe6 25. Bxa7 Rxe4 26. Qb5 Bd6
27. Bg1 Rf4 28. Bf2 Ref8 29. Kg1 Rxf2 30. Rxf2 Bc5 31. Rgg2 Qe1+ 32. Qf1 Qxf1+
33. Kxf1 hxg2+ 0-1

[Event "CAN op"]
[Site "Hamilton CAN"]
[Date "2022.07.17"]
[Round "9.16"]
[White "Talukdar, Rohan"]
[Black "Song, Terry"]
[Result "1-0"]
[WhiteElo "2457"]
[BlackElo "2218"]
[PlyCount "77"]
[EventDate "2022.07.12"]
[EventType "swiss"]
[EventRounds "9"]
[EventCountry "CAN"]

1. e4 c5 2. Nc3 a6 3. g3 b5 4. Bg2 Bb7 5. Nge2 Nc6 6. O-O g6 7. d4 cxd4 8. Nxd4
Bg7 9. Be3 Ne5 10. a4 b4 11. Nd5 Nf6 12. Nxf6+ Bxf6 13. f4 Nc4 14. Bf2 d6 15.
b3 Nb6 16. e5 Bxg2 17. Kxg2 dxe5 18. fxe5 Bg7 19. Qf3 O-O 20. Nc6 Qc7 21. Rae1
Rac8 22. Nxb4 a5 23. Nd3 Qxc2 24. Rc1 Qa2 25. Rxc8 Rxc8 26. Qb7 Qc2 27. e6 f5
28. Nf4 Qc6+ 29. Qxc6 Rxc6 30. Rd1 Be5 31. Nd5 Nxd5 32. Rxd5 Rxe6 33. Rxa5 Kf7
34. Ra8 Bc3 35. a5 Re2 36. Kf1 Ra2 37. a6 e5 38. a7 Ke6 39. Re8+ 1-0

[Event "CAN op"]
[Site "Hamilton CAN"]
[Date "2022.07.17"]
[Round "9.17"]
[White "Gavrilin, Roman"]
[Black "Mendes, Aaron Reeve"]
[Result "0-1"]
[WhiteElo "2235"]
[BlackElo "2106"]
[PlyCount "142"]
[EventDate "2022.07.12"]
[EventType "swiss"]
[EventRounds "9"]
[EventCountry "CAN"]

1. e4 c5 2. Nf3 d6 3. d4 cxd4 4. Nxd4 Nf6 5. Nc3 a6 6. h3 e5 7. Nde2 h5 8. g3
Be7 9. Bg2 Qc7 10. a4 Be6 11. O-O Nbd7 12. Be3 Rc8 13. a5 O-O 14. f4 Bc4 15.
Rf2 Qc6 16. f5 Nc5 17. Nd5 Bxd5 18. exd5 Qb5 19. Bxc5 Rxc5 20. b3 Bd8 21. c4
Qd7 22. Qd2 Qc7 23. Nc3 Rxa5 24. Rxa5 Qxa5 25. Ne4 Nxe4 26. Bxe4 Qxd2 27. Rxd2
Ba5 28. Ra2 Bb4 29. Kg2 Rc8 30. Bd3 Kf8 31. Kf3 Ke7 32. Ra4 a5 33. Ra2 Kd7 34.
Rc2 Kc7 35. Rg2 Kb6 36. g4 h4 37. Ke4 Kc5 38. Ra2 Bc3 39. Ra4 Rc7 40. Bc2 g6
41. Kd3 Bb4 42. Ra1 g5 43. Ke4 f6 44. Ra2 b5 45. cxb5 Kxb5 46. Bd3+ Kc5 47. Bc4
Kb6 48. Kd3 e4+ 49. Kxe4 Re7+ 50. Kf3 Kc5 51. Re2 Rxe2 52. Bxe2 Kxd5 53. Bc4+
Kd4 54. Bf7 d5 55. Bg8 Ke5 56. Bf7 d4 57. Bc4 Bc3 58. Bb5 Kd5 59. Bc4+ Kc5 60.
Be2 Kb4 61. Bd1 Bb2 62. Ke4 Kc3 63. Be2 Kxb3 64. Kd3 a4 65. Bd1+ Kb4 66. Bc2 a3
67. Bb1 Kb3 68. Bc2+ Ka2 69. Ba4 Kb1 70. Bc2+ Kc1 71. Bb3 Bc3 0-1

[Event "CAN op"]
[Site "Hamilton CAN"]
[Date "2022.07.17"]
[Round "9.18"]
[White "Preotu, Razvan"]
[Black "Hasku, Dashnor"]
[Result "1-0"]
[WhiteElo "2608"]
[BlackElo "1963"]
[PlyCount "83"]
[EventDate "2022.07.12"]
[EventType "swiss"]
[EventRounds "9"]
[EventCountry "CAN"]

1. e4 e5 2. Nf3 Nc6 3. Bc4 Bc5 4. c3 Nf6 5. d4 exd4 6. e5 d5 7. Bb5 Ne4 8. cxd4
Bb4+ 9. Nbd2 Bg4 10. Qa4 O-O 11. Bxc6 Bxd2+ 12. Nxd2 bxc6 13. Qxc6 Bf5 14. O-O
Rb8 15. Nxe4 Bxe4 16. f3 Bd3 17. Rf2 Rb6 18. Qc3 Bb5 19. b3 f5 20. Ba3 Rf7 21.
Re1 Re6 22. Qc5 a6 23. Bb4 f4 24. a4 Bd3 25. Qc3 Bf5 26. Ree2 Qh4 27. h3 Rg6
28. Kf1 Be6 29. Qc6 h6 30. Ke1 Kh7 31. Qe8 Qg5 32. Kd2 Qf5 33. Re1 Bd7 34. Qa8
Rb6 35. Kc3 Bc6 36. Qa7 Bxa4 37. bxa4 Rxb4 38. Kxb4 c5+ 39. Qxc5 Rb7+ 40. Kc3
Qd7 41. e6 Qxa4 42. Rb2 1-0

[Event "CAN op"]
[Site "Hamilton CAN"]
[Date "2022.07.17"]
[Round "9.19"]
[White "Loadman, Ian"]
[Black "Zhang, Yuanchen"]
[Result "1/2-1/2"]
[WhiteElo "2086"]
[BlackElo "2464"]
[PlyCount "146"]
[EventDate "2022.07.12"]
[EventType "swiss"]
[EventRounds "9"]
[EventCountry "CAN"]

1. e4 e5 2. Nf3 Nc6 3. Nc3 Nf6 4. Bb5 Bb4 5. O-O O-O 6. Bxc6 bxc6 7. Nxe5 Re8
8. Nd3 Bxc3 9. dxc3 Nxe4 10. Qh5 Rb8 11. c4 d6 12. Be3 c5 13. Rfe1 Nf6 14. Qd1
Bf5 15. b3 Ng4 16. Qd2 Nxe3 17. Rxe3 Rxe3 18. Qxe3 Qe8 19. Re1 Qxe3 20. Rxe3
Kf8 21. f3 a5 22. a4 g5 23. Kf2 h5 24. Ke2 f6 25. Kd2 Kf7 26. Ne1 Rd8 27. Nd3
Rh8 28. Nf2 Bd7 29. Ne4 Rc8 30. Nc3 h4 31. Ne4 Be6 32. h3 Rg8 33. Nf2 f5 34.
Re2 Kf6 35. Re3 Bd7 36. Re2 Bc8 37. Re3 Rd8 38. Kc1 Bb7 39. Re2 Bc6 40. Nd3 Rg8
41. Nf2 Bd7 42. Kd2 Bc8 43. Kc1 g4 44. fxg4 fxg4 45. Nxg4+ Bxg4 46. hxg4 Rxg4
47. Kd2 Rg3 48. Ke1 Kf5 49. Kf1 Rc3 50. Kf2 Kf4 51. Rd2 Kg4 52. Re2 Kf4 53. Rd2
Ke5 54. Re2+ Kf5 55. Rd2 Ke6 56. Re2+ Kd7 57. Rd2 c6 58. Kf1 Kc7 59. Kf2 d5 60.
cxd5 cxd5 61. Rxd5 Rxc2+ 62. Kf3 Rc3+ 63. Kg4 Kc6 64. Rd8 Rxb3 65. Kxh4 c4 66.
g4 Kc5 67. g5 c3 68. g6 Rb7 69. Rc8+ Kb4 70. Kg5 Kb3 71. Kf6 c2 72. g7 Rxg7 73.
Kxg7 Kb2 1/2-1/2

[Event "CAN op"]
[Site "Hamilton CAN"]
[Date "2022.07.17"]
[Round "9.20"]
[White "Vera, Reynaldo"]
[Black "England, Max"]
[Result "1-0"]
[WhiteElo "2445"]
[BlackElo "2084"]
[PlyCount "150"]
[EventDate "2022.07.12"]
[EventType "swiss"]
[EventRounds "9"]
[EventCountry "CAN"]

1. Nf3 Nf6 2. c4 e6 3. g3 b6 4. Bg2 Bb7 5. O-O Be7 6. d4 O-O 7. d5 exd5 8. Nh4
Ne4 9. cxd5 Bxh4 10. Bxe4 Bf6 11. Nc3 d6 12. Qc2 g6 13. Nb5 Na6 14. Bh6 Re8 15.
Rae1 Nc5 16. Bf3 a6 17. Nxc7 Qxc7 18. b4 Qe7 19. bxc5 bxc5 20. Rb1 Bc8 21. Rb6
Bf5 22. Qc4 a5 23. a4 Qc7 24. Rc6 Qe7 25. Bf4 Be5 26. h4 Reb8 27. Bxe5 Qxe5 28.
Qf4 Qxf4 29. gxf4 Rb4 30. Rxd6 Rxf4 31. Rc1 Bg4 32. Bg2 Bxe2 33. Rd7 Rg4 34.
Rc3 Rb8 35. Re7 Rb1+ 36. Kh2 Bf1 37. Bxf1 Rxf1 38. Rf3 Rxh4+ 39. Kg3 Rd4 40.
Rfxf7 Rxd5 41. Rg7+ Kh8 42. Rxh7+ Kg8 43. Reg7+ Kf8 44. Ra7 Kg8 45. Rhg7+ Kh8
46. Rh7+ Kg8 47. Kg2 Re1 48. Rhg7+ Kh8 49. Rxg6 Re4 50. Rh6+ Kg8 51. Rc6 Rg4+
52. Kf3 Rg7 53. Rxa5 Rf5+ 54. Ke2 Rg2 55. Ra8+ Kf7 56. Ra7+ Kg8 57. Rc8+ Rf8
58. Rxf8+ Kxf8 59. Rc7 Rg4 60. a5 Ra4 61. Rxc5 Ke7 62. Ke3 Kd6 63. Rh5 Ra3+ 64.
Kf4 Ra4+ 65. Kg3 Ke6 66. f4 Kf6 67. Kg4 Ra1 68. Rf5+ Kg6 69. Rb5 Rg1+ 70. Kf3
Rf1+ 71. Ke3 Ra1 72. Ke4 Kf6 73. Rb6+ Ke7 74. a6 Kd7 75. Ke5 Kc7 1-0

[Event "CAN op"]
[Site "Hamilton CAN"]
[Date "2022.07.17"]
[Round "9.22"]
[White "Zomorrodian, Eilia"]
[Black "Berengolts, Isaac"]
[Result "1-0"]
[WhiteElo "2263"]
[BlackElo "2042"]
[PlyCount "109"]
[EventDate "2022.07.12"]
[EventType "swiss"]
[EventRounds "9"]
[EventCountry "CAN"]

1. e4 c5 2. Nf3 g6 3. c3 Bg7 4. d4 cxd4 5. cxd4 d5 6. e5 Nc6 7. h3 f6 8. exf6
exf6 9. Nc3 Nge7 10. Bb5 O-O 11. O-O Qd6 12. Ne2 Bf5 13. a3 g5 14. Ng3 Be4 15.
Be3 h6 16. Ne1 Nf5 17. Nxf5 Bxf5 18. Rc1 Ne7 19. Nd3 b6 20. Nb4 Rac8 21. Qa4 a5
22. Nc6 Nxc6 23. Bxc6 Rf7 24. Rc3 Be6 25. Rfc1 f5 26. Bb5 Rfc7 27. Rxc7 Rxc7
28. Rxc7 Qxc7 29. Bc6 f4 30. Bd2 f3 31. Qb5 Qf7 32. Qd3 fxg2 33. Kxg2 Qf6 34.
Be3 Bxh3+ 35. Kxh3 Qxc6 36. Qf5 b5 37. Kg2 Qb7 38. Qe6+ Qf7 39. Qb6 g4 40. Qxb5
Qf3+ 41. Kg1 a4 42. Qe8+ Kh7 43. Qxa4 Qe4 44. Qd7 h5 45. Qf7 g3 46. Qxh5+ Kg8
47. Qd1 Qh4 48. Qf3 gxf2+ 49. Kf1 Qd8 50. Kxf2 Bf6 51. Qf5 Kg7 52. Qh5 Qd6 53.
Bh6+ Kg8 54. Qg6+ Kh8 55. Bg7+ 1-0

[Event "CAN op"]
[Site "Hamilton CAN"]
[Date "2022.07.17"]
[Round "9.23"]
[White "Saha, Ananda"]
[Black "Liu, Henry"]
[Result "0-1"]
[WhiteElo "2240"]
[BlackElo "2041"]
[PlyCount "142"]
[EventDate "2022.07.12"]
[EventType "swiss"]
[EventRounds "9"]
[EventCountry "CAN"]

1. d4 e6 2. e4 d5 3. exd5 exd5 4. Bd3 Nc6 5. Ne2 Bd6 6. Nbc3 Nge7 7. Bg5 f6 8.
Bh4 Nb4 9. a3 Nxd3+ 10. Qxd3 c6 11. f3 Bf5 12. Qd2 h5 13. O-O-O Qc7 14. Bg3
O-O-O 15. Bxd6 Qxd6 16. h4 Rde8 17. Qf4 Qxf4+ 18. Nxf4 Ng6 19. Nxg6 Bxg6 20.
Rde1 Kd7 21. Kd2 Rxe1 22. Rxe1 Re8 23. Rxe8 Bxe8 24. Ne2 Ke6 25. Ke3 g5 26. g3
Kf5 27. Nc1 b6 28. b4 Bg6 29. c3 Ke6 30. a4 Bc2 31. a5 Kf5 32. Ne2 Bd1 33. Nc1
Bc2 34. Kd2 Ba4 35. hxg5 fxg5 36. Nd3 Bb5 37. Ne5 bxa5 38. bxa5 h4 39. gxh4
gxh4 40. Ke3 h3 41. Ng4 Bc4 42. Nh2 Bb3 43. Nf1 Bc4 44. Ng3+ Kg5 45. Kf2 h2 46.
Kg2 Kf4 47. Nh5+ Ke3 48. Kxh2 Kxf3 49. Ng7 Ke4 50. Kg3 Kd3 51. Kf4 Kxc3 52. Ke5
Kb4 53. Kd6 Kxa5 54. Kc5 Ka4 55. Nf5 Kb3 56. Ne7 Bb5 57. Nxd5 cxd5 58. Kxb5 a5
59. Kc5 a4 60. Kxd5 a3 61. Ke6 a2 62. d5 a1=Q 63. d6 Qe1+ 64. Kf7 Qf2+ 65. Ke8
Qe3+ 66. Kf7 Qf4+ 67. Ke6 Qe4+ 68. Kf7 Qd5+ 69. Ke7 Qe5+ 70. Kd7 Kc4 71. Kc6
Qc5+ 0-1

[Event "CAN op"]
[Site "Hamilton CAN"]
[Date "2022.07.17"]
[Round "9.24"]
[White "Guo, Veronica (Yu Han)"]
[Black "Han, Johnathan"]
[Result "0-1"]
[WhiteElo "1984"]
[BlackElo "2232"]
[PlyCount "94"]
[EventDate "2022.07.12"]
[EventType "swiss"]
[EventRounds "9"]
[EventCountry "CAN"]

1. d4 Nf6 2. c4 e6 3. Nc3 Bb4 4. e3 O-O 5. Nge2 Re8 6. a3 Bf8 7. e4 d6 8. Ng3
Nbd7 9. Be2 c5 10. d5 exd5 11. cxd5 a6 12. a4 Rb8 13. O-O g6 14. Bg5 h6 15. Bf4
h5 16. f3 Ne5 17. Bg5 Be7 18. Qd2 Nh7 19. Be3 Bf6 20. Rab1 Qa5 21. f4 Ng4 22.
Bxg4 Bxg4 23. h3 Bd7 24. e5 dxe5 25. Nge4 exf4 26. Nxf6+ Nxf6 27. Bxf4 Ra8 28.
Bh6 Qb6 29. Qg5 Nh7 30. Qf4 f5 31. g4 hxg4 32. hxg4 Qf6 33. gxf5 Bxf5 34. Rbd1
Qe5 35. Qh4 Rad8 36. Rd2 Qf6 37. Qg3 Rd7 38. Rdf2 Kh8 39. Rf4 Qe5 40. Qh4 Rf7
41. Bg5 Kg8 42. Bh6 g5 43. Qg3 Bh3 44. Qxh3 Rxf4 45. Rd1 Rh4 46. Qg2 Qe3+ 47.
Qf2 Rg4+ 0-1

[Event "CAN op"]
[Site "Hamilton CAN"]
[Date "2022.07.17"]
[Round "9.25"]
[White "Terry, Joshua"]
[Black "Joseph Benher, Savio"]
[Result "1-0"]
[WhiteElo "1958"]
[BlackElo "2213"]
[PlyCount "105"]
[EventDate "2022.07.12"]
[EventType "swiss"]
[EventRounds "9"]
[EventCountry "CAN"]

1. d4 e6 2. c4 Nf6 3. g3 d5 4. Bg2 Bb4+ 5. Nd2 O-O 6. Qc2 Nc6 7. Ngf3 dxc4 8.
e3 e5 9. dxe5 Ng4 10. O-O Ncxe5 11. Nxc4 Nxf3+ 12. Bxf3 Qf6 13. Bg2 c6 14. a3
Be7 15. Bd2 Qh6 16. h3 Nf6 17. e4 Qh5 18. e5 Nd5 19. Kh2 Bf5 20. Qb3 Rab8 21.
Ne3 Be6 22. Nxd5 cxd5 23. Rac1 b6 24. Rc7 Bc5 25. Rxa7 Qe2 26. Qd1 Qxd1 27.
Rxd1 Bxf2 28. Bb4 Bc5 29. Bxd5 Rfd8 30. Bf3 Rxd1 31. Bxd1 Bd4 32. Bd6 Rc8 33.
b4 g6 34. Rc7 Rd8 35. Bf3 Bb3 36. Bc6 f6 37. Be7 Rb8 38. Bxf6 Bf7 39. a4 Bc3
40. b5 g5 41. g4 Bd2 42. Kg2 Bf4 43. Kf3 Rf8 44. Ke4 Bg6+ 45. Kd5 Rxf6 46. a5
bxa5 47. b6 Rf8 48. b7 Bf7+ 49. Kd6 Rd8+ 50. Ke7 Rf8 51. Rc8 Be8 52. Bd5+ Kg7
53. b8=Q 1-0

[Event "CAN op"]
[Site "Hamilton CAN"]
[Date "2022.07.17"]
[Round "9.26"]
[White "Moura, Eduardo"]
[Black "Zhao, Jeffrey Renfei"]
[Result "1-0"]
[WhiteElo "2194"]
[BlackElo "2020"]
[PlyCount "129"]
[EventDate "2022.07.12"]
[EventType "swiss"]
[EventRounds "9"]
[EventCountry "CAN"]

1. e4 e5 2. Nf3 Nc6 3. Nc3 Nf6 4. d4 exd4 5. Nxd4 Be7 6. Be3 d6 7. f3 Bd7 8.
Qd2 Nxd4 9. Bxd4 Bc6 10. O-O-O O-O 11. g4 Nd7 12. h4 Bf6 13. Be3 Bxc3 14. Qxc3
Qf6 15. Bd4 Qf4+ 16. Kb1 f6 17. Bc4+ Kh8 18. Be2 Rae8 19. Bxa7 Re7 20. b4 Ra8
21. Be3 Qg3 22. Rhg1 Qh2 23. Qd2 Qe5 24. Bc4 Ree8 25. Bd4 Qe7 26. b5 Ne5 27.
Bxe5 Qxe5 28. bxc6 bxc6 29. Qd4 Reb8+ 30. Ka1 Qxd4+ 31. Rxd4 Ra4 32. c3 c5 33.
Bb3 Ra3 34. Kb2 Raxb3+ 35. axb3 cxd4 36. cxd4 Kg8 37. Ra1 Rb7 38. Ra8+ Kf7 39.
d5 g6 40. Kc3 f5 41. g5 fxe4 42. fxe4 Kg7 43. Rd8 h5 44. Kc4 Ra7 45. Rd7+ Kf8
46. e5 Ra1 47. exd6 cxd6 48. Rxd6 Rh1 49. Rf6+ Ke7 50. Kc5 Rc1+ 51. Kb5 Rh1 52.
Re6+ Kd7 53. Rxg6 Rxh4 54. Kc5 Rh1 55. Rg7+ Kc8 56. Kd6 h4 57. Rg8+ Kb7 58. Ke6
h3 59. Rh8 Rg1 60. Kf6 Rg3 61. g6 Rf3+ 62. Kg5 Rg3+ 63. Kf5 Kc7 64. Kf6 Kd7 65.
g7 1-0

[Event "CAN op"]
[Site "Hamilton CAN"]
[Date "2022.07.17"]
[Round "9.27"]
[White "Lin, Leo"]
[Black "Oancea, Nicolae"]
[Result "0-1"]
[WhiteElo "2189"]
[BlackElo "2005"]
[PlyCount "64"]
[EventDate "2022.07.12"]
[EventType "swiss"]
[EventRounds "9"]
[EventCountry "CAN"]

1. e4 e6 2. Nf3 d5 3. e5 c5 4. c3 Nc6 5. Na3 a6 6. Nc2 Nge7 7. d4 Nf5 8. Bd3
cxd4 9. cxd4 Be7 10. O-O O-O 11. a3 Bd7 12. b4 b5 13. Bf4 Qb6 14. g4 Nh6 15.
Bxh6 gxh6 16. Qd2 Kg7 17. Kh1 f6 18. Rae1 fxe5 19. Nxe5 Nxe5 20. Rxe5 Bd6 21.
Rfe1 Bxe5 22. Rxe5 Qd8 23. g5 Kh8 24. Qe3 hxg5 25. Qh3 Rf7 26. Ne3 Qf6 27. Ng4
Qf3+ 28. Qxf3 Rxf3 29. Bc2 Rc8 30. Kg2 Rf4 31. Ne3 Rxd4 32. Kf1 Rd2 0-1

[Event "CAN op"]
[Site "Hamilton CAN"]
[Date "2022.07.17"]
[Round "9.28"]
[White "He, Matthew"]
[Black "Dorn, Paris"]
[Result "0-1"]
[WhiteElo "1945"]
[BlackElo "2175"]
[PlyCount "70"]
[EventDate "2022.07.12"]
[EventType "swiss"]
[EventRounds "9"]
[EventCountry "CAN"]

1. d4 Nf6 2. c4 e6 3. Nc3 Bb4 4. Qc2 c5 5. dxc5 O-O 6. Nf3 Na6 7. a3 Bxc3+ 8.
Qxc3 Nxc5 9. e3 b6 10. b4 Nce4 11. Qd4 d6 12. Bd3 e5 13. Qb2 Nxf2 14. Qxf2 e4
15. Be2 exf3 16. gxf3 Bb7 17. e4 Re8 18. Be3 Qe7 19. Bd4 Nd7 20. Rg1 g6 21. Rd1
Ne5 22. Bc3 Rac8 23. Kf1 Nxc4 24. Qd4 Ne5 25. Ba1 Qh4 26. Rg4 Qxh2 27. f4 Rc2
28. Re1 Qh1+ 29. Rg1 Qh3+ 30. Rg2 Bxe4 31. Qxe4 Qh1+ 32. Kf2 Ng4+ 33. Kf3 Qh3+
34. Rg3 Qxg3+ 35. Kxg3 Rxe4 0-1

[Event "CAN op"]
[Site "Hamilton CAN"]
[Date "2022.07.17"]
[Round "9.29"]
[White "Li, Eric"]
[Black "Su, Ethan"]
[Result "1-0"]
[WhiteElo "2165"]
[BlackElo "1987"]
[PlyCount "97"]
[EventDate "2022.07.12"]
[EventType "swiss"]
[EventRounds "9"]
[EventCountry "CAN"]

1. d4 d5 2. Nf3 Nf6 3. Bf4 c5 4. e3 Nc6 5. Nbd2 Qb6 6. dxc5 Qxb2 7. Rb1 Qa3 8.
Bb5 e6 9. O-O Bxc5 10. Nb3 Bb6 11. Ne5 Bd7 12. Nxd7 Nxd7 13. Qg4 Qf8 14. Qg3 f6
15. Bd6 Qf7 16. c4 dxc4 17. Bxc4 Nde5 18. Bb5 Bc7 19. Bxc7 Qxc7 20. Nd4 Qe7 21.
f4 Nd7 22. Nxc6 bxc6 23. Bxc6 Rc8 24. Ba4 Rc4 25. Bxd7+ Kxd7 26. Rb7+ Rc7 27.
Rd1+ Kc8 28. Rxc7+ Qxc7 29. Qe1 Kb8 30. Rc1 Qd6 31. Rd1 Qe7 32. Qa5 Rc8 33.
Rb1+ Ka8 34. Qa6 Qd7 35. h3 Rc6 36. Qa3 Qd6 37. Qa4 Qc7 38. Kh2 g5 39. Qe4 f5
40. Qf3 gxf4 41. exf4 a6 42. Rb4 a5 43. Rb5 Ka7 44. Rxa5+ Kb6 45. Ra4 Qd6 46.
Qb3+ Kc7 47. Ra7+ Kc8 48. Qb7+ Kd8 49. Ra8+ 1-0

[Event "CAN op"]
[Site "Hamilton CAN"]
[Date "2022.07.17"]
[Round "9.30"]
[White "Sharma, Vishruth"]
[Black "Leong, Ryan"]
[Result "0-1"]
[WhiteElo "2106"]
[BlackElo "1853"]
[PlyCount "66"]
[EventDate "2022.07.12"]
[EventType "swiss"]
[EventRounds "9"]
[EventCountry "CAN"]

1. e4 c5 2. Nf3 d6 3. d4 cxd4 4. Nxd4 Nf6 5. Nc3 a6 6. f3 e5 7. Nb3 Be6 8. Be3
h5 9. Qd2 Nbd7 10. Nd5 Bxd5 11. exd5 g6 12. Be2 Bg7 13. O-O-O Nb6 14. Qa5 Nbd7
15. Qb4 Qc7 16. Kb1 a5 17. Qa4 O-O 18. g4 hxg4 19. fxg4 Rfc8 20. c3 Nb6 21.
Bxb6 Qxb6 22. g5 Nh5 23. Bxh5 gxh5 24. Rd3 Qf2 25. Qe4 a4 26. Nd2 a3 27. b3 Rc7
28. Kc2 Rac8 29. h4 b5 30. Rf1 Qh2 31. Rdf3 Qg2 32. R3f2 Rxc3+ 33. Kb1 Qxf2 0-1

[Event "CAN op"]
[Site "Hamilton CAN"]
[Date "2022.07.17"]
[Round "9.31"]
[White "Wang, Derek"]
[Black "Bui, Alan"]
[Result "0-1"]
[WhiteElo "1934"]
[BlackElo "2097"]
[PlyCount "114"]
[EventDate "2022.07.12"]
[EventType "swiss"]
[EventRounds "9"]
[EventCountry "CAN"]

1. Nf3 d5 2. c4 d4 3. b4 g5 4. h3 h6 5. Bb2 Bg7 6. d3 e5 7. Nbd2 Ne7 8. g3 O-O
9. Bg2 Be6 10. Nb3 Nd7 11. a4 Rb8 12. O-O f5 13. Nfd2 c5 14. Ba3 e4 15. dxe4 f4
16. g4 Ng6 17. Bb2 b6 18. Qc2 Nge5 19. Nc1 h5 20. f3 hxg4 21. fxg4 Bxg4 22.
hxg4 Nxg4 23. e5 Ndxe5 24. Bd5+ Kh8 25. Qe4 Rf6 26. Nd3 Nxd3 27. exd3 Qd7 28.
Qf3 Ne3 29. Rf2 Rh6 30. Rh2 Rxh2 31. Kxh2 g4 32. Qxf4 Rf8 33. Qg3 Qe7 34. Rh1
Be5 35. Kg1+ Kg7 36. Qh4 Qxh4 37. Rxh4 Bg3 38. Rxg4+ Nxg4 39. Ne4 Be5 40. Bc1
Ne3 41. Nd2 Nxd5 42. cxd5 cxb4 43. Nc4 Kf6 44. Bd2 b3 45. Bb4 Rd8 46. a5 bxa5
47. Bxa5 Rxd5 48. Bb4 Ke6 49. Ba3 Bd6 50. Bb2 Bb4 51. Kf2 Bc3 52. Ke2 Bxb2 53.
Nxb2 Rc5 54. Kd1 Rc2 55. Nc4 Rxc4 56. dxc4 d3 57. Kc1 Kd6 0-1